Analýza, návrh a implementácia web portálu s využitím DSD diplomová práca
Uložené v:
| Hlavný autor: | |
|---|---|
| Korporativný autor: | |
| Ďalší autori: | |
| Médium: | Kniha |
| Jazyk: | Slovak |
| Vydavateľské údaje: |
Bratislava
2011
|
| Tagy: |
Žiadne tagy, Buďte prvý, kto otaguje tento záznam!
|
MARC
| LEADER | 00000nbm a2200000 4500 | ||
|---|---|---|---|
| 001 | 0140812 | ||
| 005 | 20161109101952.3 | ||
| 041 | 0 | |a slo | |
| 044 | |a SK | ||
| 245 | 1 | 0 | |a Analýza, návrh a implementácia web portálu s využitím DSD |b diplomová práca |c Roman Kunka ; školiteľ: Peter Schmidt |
| 264 | 1 | |a Bratislava |c 2011 | |
| 300 | |a 75 s. | ||
| 100 | 1 | |a Kunka, Roman | |
| 700 | 1 | |a Schmidt, Peter, 1968- | |
| 710 | 2 | |a Fakulta hospodárskej informatiky EU. Katedra aplikovanej informatiky | |